Something Wild /

保存先:
書誌詳細
第一著者: Demme, Jonathan (realización)
その他の著者: Frye, E. Max (guión) (guión), Fujimoto, Tak (fotógrafo) (fotógrafo), McKay, Craig (montaje) (montaje), Cale, John (música) (música), Anderson, Laurie (música) (música), Daniels, Jeff (actuación) (actuación), Griffith, Melanie (actuación) (actuación), Liotta, Ray (actuación) (actuación), Tsui, Curtis (producción) (producción), Becker, Peter (producción ejecutiva) (producción ejecutiva), Kline, Lee (realización) (realización), Forsberg, Herbert (fotógrafo) (fotógrafo), Anderson, Jim (fotógrafo) (fotógrafo), Madden, Dan (montaje) (montaje), Ramey, Chris (montaje) (montaje), Thompson, David (texto) (texto)
フォーマット: スライド
言語:日本語
出版事項: EUA : Nueva York, EUA : Religioso Primitiva ; The Criterion Collection, 1986-2011
シリーズ:(Criterion Collection ; 563)
主題:
タグ: タグ追加
タグなし, このレコードへの初めてのタグを付けませんか!

MARC

LEADER 00000ngm^a2200000^a^4500
001 000393806
005 20251020000000.0
009 20260310121318.262
020 |a 978-1-60465-420-2 
037 |a Acervo ITESO - Biblioteca 
041 |a JAP 
082 |a 808. 8  |b CRI V. 563 
100 |a Demme, Jonathan  |e (realización) 
240 1 1 |a [Algo salvaje] 
245 1 0 |a Something Wild /  |c Realización de J. Demme. 
246 2 |a Título en México: Algo salvaje 
264 1 |a EUA :  |b Religioso Primitiva ;  |a Nueva York, EUA :  |b The Criterion Collection,  |c 1986-2011 
264 2 |a Nueva York, EUA :  |b Criterion Collection [distribución],  |c 2011, c2011 
300 |a 1 DVD región 1  |c (114, 33, 9 min.) +  |e 1 folleto (16 p.) 
336 |a imagen móvil bidimensional  |b tdi  |2 rdacontenido 
337 |a video  |b v  |2 rdamedio 
338 |a videodisco  |b vd  |2 rdasoporte 
440 1 |a (Criterion Collection ;  |v 563) 
546 |a En inglés, con subtítulos opcionales: inglés 
649 |a XX 
650 |a Cineastas Norteamericanos -  |x Entrevistas 
650 |a Guionistas Norteamericanos -  |x Entrevistas 
650 |a Yuppies en el Cine 
650 |a Fugitivos en el Cine 
650 |a Road Movies 
650 |a Películas Policíacas 
650 |a Comedias de Humor Negro 
650 |a Comedias Cinematográficas 
650 |a Cine Independiente -  |z EUA 
650 |a Cine Norteamericano -  |y 1980-1989 
650 |a Cine Norteamericano -  |y Siglo XX 
650 |a Cine Norteamericano -  |x Historia y Crítica 
650 |a Infidelidad 
650 |a Relaciones de Pareja 
650 |a Relaciones Intergénero 
650 |a Sexualidad 
650 |a Libertad 
650 |a Nueva York, EUA en el Cine 
650 |a Florida, EUA en el Cine 
650 |a Demme, Jonathan 
650 |a Frye, E. Max 
740 0 |a Jonathan Demme [on Something Wild] /  |c J. Demme ; prod. de C. Tsui ; prod. ejecutiva de P. Becker... [et al.] ; realización de L. Kline. 
740 0 |a E. Max Frye [on Something Wild] /  |c E.M. Frye ; prod. de C. Tsui ; prod. ejecutiva de P. Becker... [et al.] ; realización de L. Kline. 
740 0 |a Wild Things /  |c Texto de D. Thompson. 
700 |a Frye, E. Max  |e (guión) 
700 |a Fujimoto, Tak  |e (fotógrafo) 
700 |a McKay, Craig  |e (montaje) 
700 |a Cale, John  |e (música) 
700 |a Anderson, Laurie  |e (música) 
700 |a Daniels, Jeff  |e (actuación) 
700 |a Griffith, Melanie  |e (actuación) 
700 |a Liotta, Ray  |e (actuación) 
700 |a Tsui, Curtis  |e (producción) 
700 |a Becker, Peter  |e (producción ejecutiva) 
700 |a Kline, Lee  |e (realización) 
700 |a Forsberg, Herbert  |e (fotógrafo) 
700 |a Anderson, Jim  |e (fotógrafo) 
700 |a Madden, Dan  |e (montaje) 
700 |a Ramey, Chris  |e (montaje) 
700 |a Thompson, David  |e (texto) 
910 |a Fondo General 
920 |a Audiovisuales - DVDs 
940 |a Películas 
905 |a 308 
901 |a 0500288216  |b IT2  |c DVR  |i C152760  |u 20250521 
901 |a 0500288217  |b IT2  |c MIN  |i C152760  |u 20251020 
902 |a https://opac.biblio.iteso.mx/vufind/Record/000393806